000 00284nam a2200121Ia 4500
008 190216s9999||||xx |||||||||||||| ||und||
100 _aPillai G R
245 0 _aSahakrana Asuthranam
260 _bKerala Bhasha Institute
_c1976
300 _a310p
650 _aEconomics
942 _cBK
999 _c38162
_d38162